Economic Policy in the European Union Member Countries Proceedings of 16th International Scientific Conference, September 12-14, 2018, Čeladná, Czech Republic

Guardado en:
Detalles Bibliográficos
Autores Corporativos: Economic Policy in the European Union Member Countries 2018. International Scientific Conference, Silesian University in Opava. Department of Economics and Public Administration, Slezská univerzita v Opavě. Obchodně podnikatelská fakulta v Karviné
Otros Autores: Majerová, Ingrid
Formato: Libro
Lenguaje:inglés
Publicado: Opava Silesian University in Opava 2018
Edición:1st Edition
Materias:
Etiquetas: Agregar Etiqueta
Sin Etiquetas, Sea el primero en etiquetar este registro!

MARC

LEADER 00000nlm a2200000 4500
001 0250499
005 20240514074737.3
020 |a 978-80-7510-289-8 
041 0 |a eng 
044 |a CZ 
245 1 0 |a Economic Policy in the European Union Member Countries  |b Proceedings of 16th International Scientific Conference, September 12-14, 2018, Čeladná, Czech Republic  |c Editor: Ingrid Majerova 
250 |a 1st Edition 
264 1 |a Opava  |b Silesian University in Opava  |c 2018 
300 |a online 420 s. 
610 2 0 |a politika hospodárska 
610 2 0 |a porovnanie medzinárodné 
610 2 0 |a politika hospodárska medzinárodná 
610 2 0 |a Európska únia 
700 1 |a Majerová, Ingrid 
710 2 |a Economic Policy in the European Union Member Countries 2018. International Scientific Conference 
710 2 |a Silesian University in Opava. Department of Economics and Public Administration 
710 2 |a Slezská univerzita v Opavě. Obchodně podnikatelská fakulta v Karviné